000 00886nam a2200217 i 4500
001 157624
003 ES-MaACL
005 20230906210749.0
008 990211s1686 gw |||| | ita d
040 _aCCPB | B
_bspa
_cCCPB | B
100 1 _aLeti, Gregorio.
_9128911
245 1 3 _aLa vita di Giovanni d'Austria
_b: figlio naturale fi Filippo IV Rè di Spagna /
_copera Istorica e Politica raccolta e scritta da N.N.
260 _aIn Colonia :
_bapresso Pietro del Martello,
_c1686.
300 _a[4], 632 p. ;
_c12º.
510 4 _aPalau,
_c136732
594 _aAutor tomado del Catálogo de la RAH.
597 _aSign.: *2, A-Z12, 2A-2C12, D4.
597 _aPort. con grab. xil.
600 1 4 _aAustria, Juan José de (
_d1629-1679)
_9125751
852 _aES-MaACL
_jR-606
_z-- Enc. hol.
_x-- Edic: T245: Corregir en tit.: "La vita di Don Giovanni d'Austria ..."
_x D-3977
999 _c157624
_d157624